Rosco de Pasapalabra #87 - Estadísticas

Estadísticas generales
  • Esta prueba ha sido intentada 321 veces
  • La puntuación promedio es 15 de 25
Estadísticas de respuestas
Inicial Definición Respuesta % Correcto
A Ciencia que trata de los astros, de su movimiento y de las leyes que lo rigen Astronomía
98%
D Especialista en la rama de la medicina que trata de las enfermedades de la piel Dermatólogo
95%
I Natural del país europeo con capital en Roma Italiano
92%
C Camino público, ancho y espacioso, pavimentado y dispuesto para el tránsito de vehículos Carretera
90%
Contiene la Q Persona legalmente autorizada para proyectar y construir edificios Arquitecto
89%
Contiene la Ñ Ganas de dormir Sueño
88%
E Arma blanca, larga, recta y cortante, con guarnición y empuñadura Espada
87%
J Gerundio del verbo jubilar Jubilando
86%
O Vasija para guisar, alta y con dos asas Olla
86%
H Que tiene los dos sexos Hermafrodita
76%
P Espacio natural admirable por su aspecto artístico Paisaje
69%
B Pieza de metal, o de otra materia, plana o algo cóncava, para servir, presentar o depositar cosas Bandeja
66%
Contiene la Y Señalar por debajo con una raya alguna letra, palabra o frase escrita, para llamar la atención sobre ella Subrayar
66%
U Conjunto de todo lo que existe materialmente Universo
65%
Contiene la X Razón que se alega falsamente para hacer o dejar de hacer cierta cosa Pretexto
59%
R Música de origen jamaicano, caracterizada por un ritmo sencillo y repetitivo Reggae
58%
T Rifa pública de objetos diversos, generalmente como negocio de feria o con fines benéficos Tómbola
52%
M Ruido que se hace hablando, especialmente cuando no se percibe lo que se dice Murmullo
50%
V Ruina, señal o resto que queda de algo material o inmaterial Vestigio
32%
G Título de la película protagonizada por Demi Moore y Patrick Swayze, que ganó el Óscar a mejor guion original en 1991 Ghost
30%
L Cría de la liebre Lebrato
16%
F Tejido de lana, semejante a la lanilla, que se usaba para hábitos de sacerdotes Filderretor
2%
N Apellido del filósofo autor de la obra "Los fundamentos lógicos de las ciencias exactas", de 1910 Natorp
2%
S Río de Europa, que nace en los Cárpatos y desemboca en el Danubio entre las ciudades de Braila y Galati, en Rumanía Siret
1%
Z Aspecto amenazador de alguna cosa Zuño
1%
No se encontraron pruebas coincidentes
Distribución de puntuación
Porcentaje de gente con cada puntuación
Porcentaje por número respondido
Historial de tus puntuaciones
No has intentado esta prueba.